|
|
|
|
| LEADER |
02733nam a22005655i 4500 |
| 001 |
978-1-4419-6406-9 |
| 003 |
DE-He213 |
| 005 |
20151204173616.0 |
| 007 |
cr nn 008mamaa |
| 008 |
100721s2010 xxu| s |||| 0|eng d |
| 020 |
|
|
|a 9781441964069
|9 978-1-4419-6406-9
|
| 024 |
7 |
|
|a 10.1007/978-1-4419-6406-9
|2 doi
|
| 040 |
|
|
|d GrThAP
|
| 050 |
|
4 |
|a QH345
|
| 050 |
|
4 |
|a QD415-436
|
| 072 |
|
7 |
|a PSB
|2 bicssc
|
| 072 |
|
7 |
|a SCI007000
|2 bisacsh
|
| 082 |
0 |
4 |
|a 572
|2 23
|
| 245 |
1 |
0 |
|a Reviews of Environmental Contamination and Toxicology Volume 207
|h [electronic resource] /
|c edited by David M. Whitacre.
|
| 264 |
|
1 |
|a New York, NY :
|b Springer New York :
|b Imprint: Springer,
|c 2010.
|
| 300 |
|
|
|a XII, 164 p.
|b online resource.
|
| 336 |
|
|
|a text
|b txt
|2 rdacontent
|
| 337 |
|
|
|a computer
|b c
|2 rdamedia
|
| 338 |
|
|
|a online resource
|b cr
|2 rdacarrier
|
| 347 |
|
|
|a text file
|b PDF
|2 rda
|
| 490 |
1 |
|
|a Reviews of Environmental Contamination and Toxicology, Continuation of Residue Reviews,
|x 0179-5953 ;
|v 207
|
| 505 |
0 |
|
|a RECT 207 edited by David M. Whitacre -- Foreward -- Preface -- The Elderly as a Sensitive Population in Environmental Exposures: Making the Case by John F. Risher, G. Daniel Todd, Dean Meyer, and Christie L. Zunker -- Chemicals of Emerging Concern in the Great Lakes Basin: An Analysis of Environmental Exposures by Gary Kle?ka, Carolyn Persoon, and Rebecca Currie -- Index.
|
| 520 |
|
|
|a RECT 207 edited by David Whitacre.- Foreward.- Preface.- The Elderly as a Sensitive Population in Environmental Exposures: Making the Case by John F. Risher, G. Daniel Todd, Dean Meyer, and Christie L. Zunker.- Chemicals of Emerging Concern in the Great Lakes Basin: An Analysis of Environmental Exposures by Gary Klečka, Carolyn Persoon, and Rebecca Currie.- Index.
|
| 650 |
|
0 |
|a Life sciences.
|
| 650 |
|
0 |
|a Biochemistry.
|
| 650 |
|
0 |
|a Environmental chemistry.
|
| 650 |
|
0 |
|a Environmental management.
|
| 650 |
|
0 |
|a Ecotoxicology.
|
| 650 |
|
0 |
|a Waste management.
|
| 650 |
|
0 |
|a Pollution.
|
| 650 |
1 |
4 |
|a Life Sciences.
|
| 650 |
2 |
4 |
|a Biochemistry, general.
|
| 650 |
2 |
4 |
|a Pollution, general.
|
| 650 |
2 |
4 |
|a Environmental Chemistry.
|
| 650 |
2 |
4 |
|a Environmental Management.
|
| 650 |
2 |
4 |
|a Ecotoxicology.
|
| 650 |
2 |
4 |
|a Waste Management/Waste Technology.
|
| 700 |
1 |
|
|a Whitacre, David M.
|e editor.
|
| 710 |
2 |
|
|a SpringerLink (Online service)
|
| 773 |
0 |
|
|t Springer eBooks
|
| 776 |
0 |
8 |
|i Printed edition:
|z 9781441964052
|
| 830 |
|
0 |
|a Reviews of Environmental Contamination and Toxicology, Continuation of Residue Reviews,
|x 0179-5953 ;
|v 207
|
| 856 |
4 |
0 |
|u http://dx.doi.org/10.1007/978-1-4419-6406-9
|z Full Text via HEAL-Link
|
| 912 |
|
|
|a ZDB-2-EES
|
| 950 |
|
|
|a Earth and Environmental Science (Springer-11646)
|